000 00725nam a2200289Ia 4500
005 20260324112936.0
008 008 260324s9999 xx 000 0 eng d
020 _a9781003361671
037 _aEBOOK
040 _aCRL
040 _beng
040 _cCRL
041 _2eng
041 _aeng
084 _qCRL
100 _aJen McConnel
_91144775
245 0 _aBuilding Literacy Through Pop Culture in the ELA Classroom
245 0 _bStrategies for English in High School and College
260 _bTaylor and Francis
260 _c2024
365 _a
365 _b220
856 _uhttp://www.taylorfrancis.com/books/9781003361671
942 _cEBOOK
999 _c1734173
_d1734173